Zavádzanie environmentálnych opatrení v hoteloch
Ochrana životného prostredia a riešenie problematiky hotelierstva ako odvetvia hospodárstva, ktoré určitým spôsobom negatívne vplýva na životné prostredie. Analýza v systémovom a nesystémovom prístupe k ekologizácii v tomto sektore. Pomoc a propagácia štátnej environmentálnej politiky.
Salvato in:
| Autore principale: | |
|---|---|
| Natura: | Capitolo di libro |
| Lingua: | slovacco |
| Soggetti: | |
| Tags: |
Nessun Tag, puoi essere il primo ad aggiungerne!!
|
MARC
| LEADER | 00000naa$a2200000$$$4500 | ||
|---|---|---|---|
| 001 | 0115594 | ||
| 005 | 20240502072304.0 | ||
| 041 | 0 | |a slo | |
| 044 | |a SK | ||
| 245 | 1 | 0 | |a Zavádzanie environmentálnych opatrení v hoteloch |c Dominika Bojová |
| 520 | |a Ochrana životného prostredia a riešenie problematiky hotelierstva ako odvetvia hospodárstva, ktoré určitým spôsobom negatívne vplýva na životné prostredie. Analýza v systémovom a nesystémovom prístupe k ekologizácii v tomto sektore. Pomoc a propagácia štátnej environmentálnej politiky. | ||
| 610 | 2 | 0 | |a ruch cestovný |
| 610 | 2 | 0 | |a hotelierstvo |
| 610 | 2 | 0 | |a hotely |
| 610 | 2 | 0 | |a politika ruchu cestovného |
| 610 | 2 | 0 | |a podnikanie zodpovedné |
| 610 | 2 | 0 | |a prostredie životné |
| 610 | 2 | 0 | |a environmentalistika |
| 100 | 1 | |a Bojová, Dominika | |